Normal view
MARC view
- تخطيط موارد
Entry Topical Term
001 - CONTROL NUMBER
- control field: 62472
003 - CONTROL NUMBER IDENTIFIER
- control field: JO-AjAnu
005 - DATE AND TIME OF LATEST TRANSACTION
- control field: 20230606084213.0
008 - FIXED-LENGTH DATA ELEMENTS
- fixed length control field: 230606|| aca||aabn | a|a d
040 ## - CATALOGING SOURCE
- Original cataloging agency: JO-AjAnu
- Transcribing agency: JO-AjAnu
150 ## - HEADING--TOPICAL TERM
- Topical term or geographic name entry element: تخطيط موارد
670 ## - SOURCE DATA FOUND
- Source citation: Work cat.: (JO-AjAnu)31858: اعداد قدوري، انوار غازي نعمان؛ اشراف بلال احمد مثاني, author 62471, دور نظام تخطيط موارد المنظمة في تحقيق الميزة التنافسية في مصانع الاسمنت(دراسة مقارنة بين الاردن والعراق) = The Role Of Enterprise Resource Planning System in Achieving Competitive Advantage in Cement Factories(